| 000 | 005210000a22001810004500 | ||
|---|---|---|---|
| 003 | MACL | ||
| 005 | 20160219123947.0 | ||
| 008 | 160219b xxu||||| |||| 00| 0 eng d | ||
| 040 |
_aMACL _cMACL |
||
| 041 | _aHindi | ||
| 082 | _a355 | ||
| 100 |
_aनिगम बी. के _939024 |
||
| 245 | _aवरूण के पुत्र | ||
| 260 |
_bसन्मार्ग प्रकाशन _c1983 _aनई दिल्ली |
||
| 350 | _a35 | ||
| 650 |
_aMilitary Science _939025 |
||
| 942 |
_cHIN _k355 _2ddc |
||
| 999 |
_c28718 _d28718 |
||